| 000 | 00388nam a2200157Ia 4500 | ||
|---|---|---|---|
| 008 | 230314s9999 xx 000 0 und d | ||
| 020 | _a978-93-81390-18-4 | ||
| 041 | _aeng | ||
| 082 | _aN/613.2/SOH/B08495 | ||
| 100 | _aSohi Darshan | ||
| 245 | _aTextbook of Nutrition | ||
| 260 |
_bS Vikas and Co _aJalandhar _c2009 |
||
| 300 | _a414p | ||
| 906 | _bGNM | ||
| 999 |
_c142007 _d142007 |
||